najdłuższe rzeki świata - Statystyki

Ogólne statystyki
  • Ten quiz został rozwiązany 81 razy
  • Średni wynik to 6 z 10
Statystyki odpowiedzi
Długość Rzeka % Poprawnych
6 853 km Nil
100%
6 437 km Amazonka
95%
6 380 km Jangcy
76%
6 275 km Missisipi
71%
4 700 km Kongo
62%
5 410 km Ob
52%
4 500 km Mekong
36%
4 092 km Jenisej
33%
4 510 km Amur
26%
5 464 km Żółta rzeka
17%
Nie znaleziono quizów pasujących do podanych kryteriów
Rozkład punktacji
Procent ludzi z każdym wynikiem
Percentyl według liczby udzielonych odpowiedzi
Twoja historia wyników
Nie rozwiązałeś tego quizu